=LDR 00000nam 2200000 4500 =001 INLIS000000000032265 =005 20130612134259 =008 ***********************************ind** =035 ##$$0010-061300000032265 =041 ##$$a ind =082 ##$$a 428 =090 ##$$a 428, Smi s =100 ##$$a Smith, Darryl =245 ##$$a Speccial Engglish Conversation, Percakapan bahasa inggris spesial, Darryl Smith, Antoni Idel =260 ##$$a 2003 $b Jakarta =300 ##$$a 224 hlm, 19 cm =650 ##$$a Bahasa Inggris-Percakapan =700 ##$$a Idel,Antoni =850 ##$$a NBPNMAT